Aplikácia strategických metód na hodnotenie portfólia bankových produktov
Posúdenie portfólia vybraných bankových produktov z hľadiska strategického manažmentu. Produktová štruktúra bankového sektora. Komerčné banky a potreba tvorby podnikových stratégií. Použitie matice Boston Consulting Group na hodnotenie bankového portfólia. Výpočet, konštrukcia a zhodnotenie použiti...
Salvato in:
| Autore principale: | |
|---|---|
| Altri autori: | |
| Natura: | Capitolo di libro |
| Lingua: | slovacco |
| Soggetti: | |
| Tags: |
Nessun Tag, puoi essere il primo ad aggiungerne!!
|
MARC
| LEADER | 00000naa$a2200000$$$4500 | ||
|---|---|---|---|
| 001 | 0017073 | ||
| 005 | 20240502071403.5 | ||
| 041 | 0 | |a slo | |
| 044 | |a SK | ||
| 245 | 1 | 0 | |a Aplikácia strategických metód na hodnotenie portfólia bankových produktov |c aut. Anna Čepelová, Stanislav Polouček |
| 520 | |a Posúdenie portfólia vybraných bankových produktov z hľadiska strategického manažmentu. Produktová štruktúra bankového sektora. Komerčné banky a potreba tvorby podnikových stratégií. Použitie matice Boston Consulting Group na hodnotenie bankového portfólia. Výpočet, konštrukcia a zhodnotenie použitia matice. Formulovanie stratégií pre analyzované banky. | ||
| 610 | 2 | 0 | |a portfólio |
| 610 | 2 | 0 | |a produkty |
| 610 | 2 | 0 | |a banky |
| 610 | 2 | 0 | |a bankovníctvo |
| 610 | 2 | 0 | |a manažment strategický |
| 610 | 2 | 0 | |a matice |
| 610 | 2 | 0 | |a banky obchodné |
| 610 | 2 | 0 | |a stratégia podniková |
| 100 | 1 | |a Čepelová, Anna | |
| 700 | 1 | |a Polouček, Stanislav | |